| 000 | 01304nam a22003617a 4500 | ||
|---|---|---|---|
| 003 | CHAP | ||
| 005 | 20220329140257.0 | ||
| 008 | 971013s1979 r 00010 d | ||
| 010 | _a49632 | ||
| 011 | _a50604 | ||
| 035 | _a54754 | ||
| 040 | _cCHAP | ||
| 090 | _aTesis | ||
| 100 | 0 | 0 |
_aVillalobos Arámbula, Víctor Manuel. _9119423 |
| 245 | _aObtención de plantas de clavel (Dianthus caryophyllus) libres de virus por cultivo in vitro de meristemos y ápices vegetativos | ||
| 260 |
_aChapingo, Méx. : _bEl autor, _c1979 |
||
| 300 |
_a94 h. _b: ilus. ; gráfs. |
||
| 500 | _a2c. en bodega | ||
| 502 | _aTesis (M.C. Esp. en Genética) -- Colegio de Postgraduados. Rama de Genética | ||
| 590 |
_aALEPH _b10 _c20130110 _lUCH01 _h1322 |
||
| 590 |
_aBATCH-UPD _b10 _c20130110 _lUCH01 _h2033 |
||
| 590 |
_aBATCH-UPD _b10 _c20130410 _lUCH01 _h1349 |
||
| 590 |
_aBATCH-UPD _b10 _c20130914 _lUCH01 _h0947 |
||
| 590 |
_aCONVERSION _b10 _c20130109 _lUCH01 _h1327 |
||
| 650 | 1 | 4 |
_aClavel _xVariedades resistentes a enfermedades. _923712 |
| 650 | 1 | 4 |
_aCultivo de tejidos. _930213 |
| 650 | 1 | 4 |
_aMeristemos. _974998 |
| 901 | _aBK | ||
| 942 | _cFOLL | ||
| 949 |
_bBC _cTES _d-120614 _eTS1 _i54754 _si |
||
| 949 |
_bBC _cTES _d33724000692430 _eTS2 _fc.2 _i54754 _si |
||
| 949 |
_bBC _cTES _d33724000692497 _eTS2 _fc.3 _i54754 _si |
||
| 999 |
_c49632 _d49632 |
||